Statistics for FK Crvena zvezda (FC Red Star) all foreign players from season 14/15

Click here to take the quiz!

General Stats

  • This quiz has been taken 23 times
  • The average score is 20 of 43

Answer Stats

CountryAnswer% Correct
GabonGuelor Kanga
94%
AustriaAleksandar Dragović
88%
GermanyMarko Marin
88%
AustraliaMiloš Degenek
82%
ComorosEl Fardou Ben
76%
CanadaMilan Borjan
76%
Suriname/NetherlandsMitchell Donald
71%
Ivory CoastSékou Sanogo
71%
SpainJosé Alberto Cañas
59%
NorwayOhi Omoijuanfo
59%
GhanaRichmond Boakye
59%
ItalyDiego Falcinelli
53%
PortugalHugo Vieira
53%
BrazilJander
53%
Antigua and BarbudaJosh Parker
53%
FranceLoïs Diony
53%
Croatia/BrazilLuis Ibanez
53%
ArgentinaMateo García
53%
NetherlandsRajiv van La Parra
53%
SlovakiaErik Jirka
47%
PortugalTomané
47%
ItalyFilippo Falco
41%
IsraelIdan Vered
41%
Costa RicaJohn Ruiz
41%
NetherlandsLorenzo Ebecilio
41%
ArgentinaPablo Mouche
41%
GuadeloupeThomas Phibel
41%
GhanaAbraham Frimpong
35%
FranceDamien Le Tallec
35%
North MacedoniaDanijel Avramovski
35%
North MacedoniaDavid Babunski
35%
FranceAxel Bakayoko
29%
NigeriaGbolahan Salami
29%
SenegalMamadou Mbodj
29%
BrazilRicardinho
29%
NetherlandsRichairo Živković
29%
Austria/SerbiaSrdjan Spiridonović
29%
New ZealandAdam Mitchell
24%
BrazilEdson Silva
24%
BrazilJonathan Cafu
24%
BrazilBruno Matos
12%
GhanaRashid Sumaila
12%
NigeriaIfeany Onyilo
6%

Score Distribution

Percentile by Number Answered

Percent of People with Each Score

Your Score History

You have not taken this quiz